Abrasion of rubber (Record no. 21834)

MARC details
000 -LEADER
fixed length control field 00321nam a2200133Ia 4500
082 ## - DEWEY DECIMAL CLASSIFICATION NUMBER
Classification number NR:62:539.53
Item number JAM
245 #0 - TITLE STATEMENT
Title Abrasion of rubber
260 ## - PUBLICATION, DISTRIBUTION, ETC. (IMPRINT)
Place of publication London
Name of publisher Maclaren
Year of publication 1967
650 ## - SUBJECT ADDED ENTRY--TOPICAL TERM
Topical Term Rubber abrasion
650 ## - SUBJECT ADDED ENTRY--TOPICAL TERM
Topical Term Tread tyre
700 ## - ADDED ENTRY--PERSONAL NAME
Personal name James, D I
942 ## - ADDED ENTRY ELEMENTS (KOHA)
Koha item type Books
Holdings
Withdrawn status Lost status Damaged status Not for loan Home library Current library Date acquired Cost, normal purchase price Full call number Accession Number Koha item type
        RRII Library RRII Library 16/12/2021 120.00 NR:62:539.53 JAM 02551 Books